Criminología Infanto Juvenil (Registro nro. 170007)
[ vista simple ]
| 000 -LEADER | |
|---|---|
| fixed length control field | 02210nam a22004217a 4500 |
| 007 - PHYSICAL DESCRIPTION FIXED FIELD--GENERAL INFORMATION | |
| fixed length control field | cr|||| |||| |
| 008 - FIXED-LENGTH DATA ELEMENTS--GENERAL INFORMATION | |
| fixed length control field | 210614s2021 pe |||||s|||| 00||0 spa d |
| 020 ## - INTERNATIONAL STANDARD BOOK NUMBER | |
| International Standard Book Number | 978-612-4460-29-6 |
| 035 ## - | |
| -- | 33293 |
| 040 ## - CATALOGING SOURCE | |
| Original cataloging agency | vLex |
| 090 ## - | |
| -- | 11771 |
| -- | 11771 |
| 100 1# - MAIN ENTRY--PERSONAL NAME | |
| Personal name | Ríos Patio, Gino |
| 245 10 - TITLE STATEMENT | |
| Title | Criminología Infanto Juvenil |
| Medium | [Recurso electrónico] : |
| Remainder of title | Análisis de los menores y prevención de la criminalidad juvenil / |
| Statement of responsibility, etc | Gino Ríos Patio, Wael Hikal, Gloriam Zaid Mercado-Justiniano, Alejandra Andreu Fernández, Enrique Alejandro Zúñiga Vázquez, Jorge Humberto Martínez Trejo, Verónica C. Castellanos León, Osvaldo Tieghi, Luis Eduardo Torrez Pinto, Hugo Alberto Zambrano Pérez, José Luis Alba Robles, Concepción Aroca Montolio, María Jesús López Latorre, Rolando Barraza Pérez, Marillanos Reolid Rodenas, Antonio de Jesús Barragán Bórquez, José Luis De La Cuesta |
| 256 ## - | |
| -- | Servicio en línea |
| 300 ## - PHYSICAL DESCRIPTION | |
| Extent | 1 recurso electrónico |
| 506 1# - RESTRICTIONS ON ACCESS NOTE | |
| Terms governing access | Disponible solo en los productos indicados |
| Authorized users | vLex Global |
| -- | vLex Global (Academic Edition, excluding Law Schools) |
| -- | vLex Global (U.S. Academic Edition, Law Schools) |
| -- | vLex Global (U.S. Academic Edition, excluding Law Schools) |
| -- | vLex Global (Academic Edition, Law Schools) |
| 650 04 - SUBJECT ADDED ENTRY--TOPICAL TERM | |
| Topical term or geographic name as entry element | Derecho Penal |
| Geographic subdivision | Perú |
| 700 1# - ADDED ENTRY--PERSONAL NAME | |
| Personal name | Hikal, Wael |
| 700 1# - ADDED ENTRY--PERSONAL NAME | |
| Personal name | Mercado-Justiniano, Gloriam Zaid |
| 700 1# - ADDED ENTRY--PERSONAL NAME | |
| Personal name | Andreu Fernández, Alejandra |
| 700 1# - ADDED ENTRY--PERSONAL NAME | |
| Personal name | Zúñiga Vázquez, Enrique Alejandro |
| 700 1# - ADDED ENTRY--PERSONAL NAME | |
| Personal name | Martínez Trejo, Jorge Humberto |
| 700 1# - ADDED ENTRY--PERSONAL NAME | |
| Personal name | Castellanos León, Verónica C. |
| 700 1# - ADDED ENTRY--PERSONAL NAME | |
| Personal name | Tieghi, Osvaldo |
| 700 1# - ADDED ENTRY--PERSONAL NAME | |
| Personal name | Torrez Pinto, Luis Eduardo |
| 700 1# - ADDED ENTRY--PERSONAL NAME | |
| Personal name | Zambrano Pérez, Hugo Alberto |
| 700 1# - ADDED ENTRY--PERSONAL NAME | |
| Personal name | Alba Robles, José Luis |
| 700 1# - ADDED ENTRY--PERSONAL NAME | |
| Personal name | Aroca Montolio, Concepción |
| 700 1# - ADDED ENTRY--PERSONAL NAME | |
| Personal name | López Latorre, María Jesús |
| 700 1# - ADDED ENTRY--PERSONAL NAME | |
| Personal name | Barraza Pérez, Rolando |
| 700 1# - ADDED ENTRY--PERSONAL NAME | |
| Personal name | Reolid Rodenas, Marillanos |
| 700 1# - ADDED ENTRY--PERSONAL NAME | |
| Personal name | Barragán Bórquez, Antonio de Jesús |
| 700 1# - ADDED ENTRY--PERSONAL NAME | |
| Personal name | De La Cuesta, José Luis |
| 740 0# - | |
| -- | vLex Libros (Servicio en línea) |
| 856 40 - LOCALIZACIÓN Y ACCESO ELECTRÓNICO | |
| Identificador Uniforme del Recurso (URI/URL) | https://vlex.com/source/criminologia-infanto-juvenil-analisis-de-los-menores-y-prevencion-de-la-criminalidad-juvenil-33293 |
| 942 ## - | |
| -- | RAA |
| 999 ## - | |
| -- | 170007 |
| -- | 170007 |
No hay ítems disponibles.